000 00526nam a2200145 a 4500
008 120416s1992 xx |||||||||||||| || u
050 _aS 494.5.S88 Rei
100 _aReijntjes, Coen
245 1 0 _aFarming for the future
246 _aan introduction to low-external-input and sustainable agriculture
260 _c1992
350 _a0.00
700 _aWaters-Bayer, Ann
995 _D0.00
_FCBU-MAIN LIBRARY (Kitwe)
_H1
_I0.00
_M1
_UDAMAGED
_ZMain Library Open Access Collection
999 _c43162
_d43162